[Event "Moscow Open RSSU Cup 2020"]
[Site "Moscow"]
[Date "2020.01.28"]
[Round "4.7"]
[White "Samusenko, Maksim"]
[Black "Petrosyan, Manuel"]
[Result "0-1"]
[WhiteElo "2452"]
[BlackElo "2590"]
[Annotator "TA"]
[PlyCount "76"]
[EventDate "2020.01.25"]
[EventType "swiss"]
[EventCountry "RUS"]
[SourceTitle "playchess.com"]
[Source "ChessBase"]
[SourceQuality "1"]

{[%evp 9,80,-2,0,0,0,0,10,19,30,8,18,18,58,58,105,106,82,64,75,56,55,62,89,61,50,32,33,19,28,7,13,11,13,11,22,-21,16,0,0,-22,-15,-30,-39,-132,-144,-356,-368,-361,-357,-395,-389,-385,-379,-504,-516,-547,-547,-535,-513,-527,-512,-536,-514,-543,-545,-562,-510,-701,-687,-819,-807,-928,-917]} 1. d4 Nf6 2. Bf4 g6 3. Nc3 d5 4. e3 Bg7 5. h4 h5 (5... c6 6. Be2 Qb6 7. Rb1 h5 8. Nf3 Bg4 9. Ne5 Bxe2 10. Qxe2 Nbd7 11. Qf3 Qa6 {0-1 (32) Karjakin,S (2750)-Yu,Y (2752) Saint Louis 2019}) 6. Nf3 {A45: Trompowsky Attack} c6 7. Qd2 O-O 8. Ne5 {The position is equal.} Nfd7 9. O-O-O Nxe5 10. Bxe5 Bh6 $146 ({Predecessor:} 10... f6 11. Bxb8 Rxb8 {½-½ (41) Ali Marandi,C (2530)-Escalante Ramirez,B (2446) Burlingame 2019}) 11. Bf4 Bg7 12. Be2 Nd7 13. e4 b5 14. exd5 b4 15. Nb1 $1 ({Of course not} 15. dxc6 $6 bxc3 16. Qxc3 Nf6 $11) 15... cxd5 16. Qxb4 e5 17. dxe5 Nxe5 18. Nc3 Be6 19. Rhe1 Rb8 20. Bb5 Qxh4 {...g5 is the strong threat.} 21. g3 Qg4 {Hoping for ...g5.} 22. Qa4 Rxb5 23. Qxb5 Nf3 24. Nxd5 {aiming for Ne3.} Nxe1 25. Rxe1 Qf3 $1 26. Ne7+ (26. Nc7 $15) 26... Kh7 $17 27. Qd3 $2 (27. Be3 $17 {was necessary.}) 27... Qxd3 $19 28. cxd3 Bf6 $1 ({Not} 28... Bxa2 29. Be5 $15) 29. Bd6 {[#]} Rd8 $1 {[%cal Rd8d6]} 30. Bc5 {[#]} Rd7 $1 31. Nc6 Rc7 {Black is clearly winning.} 32. d4 {intending Ne5.} Rxc6 33. Kd2 Bxa2 34. Ra1 Ra6 35. b3 Ra5 36. b4 Ra4 37. Kc3 a6 38. g4 {[#]} h4 {Played: Ba2-b3} 0-1

[Event "Moscow Open RSSU Cup 2020"]
[Site "Moscow"]
[Date "2020.01.28"]
[Round "4.7"]
[White "Samusenko, Maksim"]
[Black "Petrosyan, Manuel"]
[Result "*"]
[WhiteElo "2452"]
[BlackElo "2590"]
[Annotator "RC"]
[PlyCount "80"]
[EventDate "2020.01.25"]
[EventType "swiss"]
[EventCountry "RUS"]
[SourceTitle "playchess.com"]
[Source "ChessBase"]
[SourceQuality "1"]
[TimeControl "40/5400+30:1800+30"]

1. d4 {[%emt 0:00:00]} Nf6 {[%emt 0:03:12]} 2. Bf4 {[%emt 0:00:22]} g6 {[%emt 1:27:48]} 3. Nc3 {[%emt 0:00:44]} d5 {[%emt 0:00:22]} 4. e3 {[%emt 0:01:04]} Bg7 {[%emt 0:00:08]} 5. h4 {[%emt 0:01:22]} h5 {[%emt 0:00:05]} 6. Nf3 {[%emt 0:01:21]} c6 {[%emt 0:01:42]} 7. Qd2 {[%emt 0:02:29]} O-O {[%emt 0:02:52]} 8. Ne5 {[%emt 0:06:24]} Nfd7 {[%emt 0:04:38]} 9. O-O-O {[%emt 0:08:01]} Nxe5 {[%emt 0:04:06]} 10. Bxe5 {[%emt 0:01:59]} Bh6 {[%emt 0:00:11]} 11. Bf4 {[%emt 0:05:20]} Bg7 {[%emt 0:06:04]} 12. Be2 {[%emt 0:05:15]} Nd7 {[%emt 0:06:39]} 13. e4 {[%emt 0:06:53]} b5 {[%emt 0:04:34]} 14. exd5 {[%emt 0:16:31]} b4 {[%emt 0:00:27]} 15. Nb1 {[%emt 0:00:26]} cxd5 {[%emt 0:03:08]} 16. Qxb4 {[%emt 0:00:26]} e5 {[%emt 0:03:16]} 17. dxe5 {[%emt 0:06:53]} Nxe5 {[%emt 0:00:43]} 18. Nc3 {[%emt 0:05:28]} Be6 {[%emt 0:01:19]} 19. Rhe1 {[%emt 0:07:54]} Rb8 {[%emt 0:18:22]} 20. Bb5 {[%emt 0:01:07]} Qxh4 {[%emt 0:01:04]} 21. g3 {[%emt 0:04:30]} Qg4 {[%emt 0:37:24]} 22. Qa4 {[%emt 0:03:11]} Rxb5 {[%emt 0:08:08]} 23. Qxb5 {[%emt 0:03:20]} Nf3 {[%emt 0:00:30]} 24. Nxd5 {[%emt 0:05:21]} Nxe1 {[%emt 0:02:07]} 25. Rxe1 {[%emt 0:00:05]} Qf3 {[%emt 0:28:13]} 26. Ne7+ {[%emt 0:03:22]} Kh7 {[%emt 0:00:09]} 27. Qd3 {[%emt 0:01:54]} Qxd3 {[%emt 0:01:30]} 28. cxd3 {[%emt 0:00:03]} Bf6 {[%emt 0:00:28]} 29. Bd6 {[%emt 0:00:39]} Rd8 {[%emt 0:03:21]} 30. Bc5 {[%emt 0:00:55]} Rd7 {[%emt 0:00:36]} 31. Nc6 {[%emt 0:00:32]} Rc7 {[%emt 0:00:10]} 32. d4 {[%emt 0:00:43]} Rxc6 {[%emt 0:00:13]} 33. Kd2 {[%emt 0:00:04]} Bxa2 {[%emt 0:01:48]} 34. Ra1 {[%emt 0:00:18]} Ra6 {[%emt 0:04:25]} 35. b3 {[%emt 0:00:35]} Ra5 {[%emt 0:00:41]} 36. b4 {[%emt 0:00:44]} Ra4 {[%emt 0:00:15]} 37. Kc3 {[%emt 0:01:27]} a6 {[%emt 0:00:27]} 38. g4 {[%emt 0:00:37]} Bb3 {[%emt 0:18:55]} 39. Rh1 {[%emt 0:00:27]} Bd5 {[%emt 0:00:08]} 40. Rh2 {[%emt 0:00:04]} h4 {[%emt 0:00:22]} *

[Event "Moscow Open RSSU Cup 2020"]
[Site "Moscow"]
[Date "2020.01.28"]
[Round "4.8"]
[White "Savchenko, Boris"]
[Black "Bryakin, Mikhail"]
[Result "1-0"]
[WhiteElo "2573"]
[BlackElo "2442"]
[Annotator "TA"]
[PlyCount "101"]
[EventDate "2020.01.25"]
[EventType "swiss"]
[EventCountry "RUS"]
[SourceTitle "playchess.com"]
[Source "ChessBase"]
[SourceQuality "1"]

{[%evp 12,101,20,16,25,0,0,0,19,19,26,31,24,27,43,29,27,33,36,31,30,34,29,0,36,23,25,0,16,0,0,0,0,0,0,-24,-24,-45,-37,-34,0,0,0,0,56,57,58,62,31,31,64,57,85,68,59,69,77,75,77,34,118,99,112,95,85,89,91,113,224,226,232,221,292,314,268,294,300,293,442,431,664,658,675,624,676,676,654,614,930,901,1056,745]} 1. g3 d5 2. Bg2 Nf6 3. Nf3 c6 4. O-O Bf5 5. c4 e6 6. cxd5 exd5 7. d3 Bc5 {A11: English Opening: 1...c6} 8. Nc3 O-O 9. Qb3 Bb6 {The position is equal.} 10. Na4 Nbd7 (10... Re8 11. Nxb6 axb6 12. Qc2 h6 13. b3 c5 14. Bb2 Nc6 15. a3 {0-1 (41) Oparin,G (2613)-Carlsen,M (2835) St Petersburg 2018}) 11. Nxb6 axb6 12. Qc2 h6 13. b3 Re8 14. Bb2 b5 $146 ({Predecessor:} 14... c5 15. Rfe1 {0-1 (41) Haria,R (2417)-Savic,M (2492) Paracin 2017}) 15. Nd4 Bh7 16. a3 Qb6 17. Qd2 Ne5 18. h3 Ned7 19. Kh2 c5 20. Nc2 Qe6 21. Rae1 Rad8 22. Qa5 Qc6 23. Rc1 b6 24. Qd2 {With the idea Nd4!} Qe6 25. Rfe1 Re7 26. b4 Rde8 27. Qf4 d4 (27... Bg6 $11) 28. Bxd4 $1 $14 g5 29. Qd2 $1 cxd4 30. Nxd4 Qd6 $1 {[%cal Rd6d4]} 31. Nxb5 Qe5 {[#]} 32. a4 $1 {[%mdl 1024] White has strong compensation.} Bg6 33. Rc6 Qb8 34. Qc3 Re6 35. Rc7 Ne5 ({Better is} 35... Kh7 $14) 36. d4 $16 Ned7 37. d5 Re5 38. Nd6 Rd8 39. Qc6 $36 {[%mdl 2048] Keeping Black busy.} Qa8 (39... Re7 $16 {is a better defense.} 40. Rb7 Qa8) 40. Nc4 Ree8 41. e4 $1 Qxc6 42. dxc6 Ne5 43. Nxe5 ({Less strong is} 43. Nxb6 Rd2 $16) 43... Rxe5 {[#]} 44. Rb7 $1 Rc8 (44... Kg7 $142 45. Rxb6 Rd2) 45. Rxb6 $18 {White is clearly winning.} Re6 (45... Ne8 $142 46. a5 Nc7) 46. e5 Ne8 47. Rb7 Kf8 48. a5 Ra8 49. f4 Bd3 50. Rd1 Ba6 51. b5 {Accuracy: White = 80%, Black = 41%.} 1-0

[Event "Moscow Open RSSU Cup 2020"]
[Site "Moscow"]
[Date "2020.01.28"]
[Round "4.9"]
[White "Sek, Konstantin"]
[Black "Sychev, Klementy"]
[Result "0-1"]
[WhiteElo "2446"]
[BlackElo "2563"]
[Annotator "TA"]
[PlyCount "69"]
[EventDate "2020.01.25"]
[EventType "swiss"]
[EventCountry "RUS"]
[SourceTitle "playchess.com"]
[Source "ChessBase"]
[SourceQuality "1"]

{[%evp 9,69,-12,0,0,0,-35,-18,-9,-20,-22,-22,-25,0,-18,-9,-42,-25,-43,-51,-81,-75,-105,-108,-107,-73,-116,-60,-266,-280,-376,-370,-361,-359,-329,-307,-615,-617,-647,-650,-639,-585,-682,-556,-562,-562,-557,-551,-666,-695,-683,-684,-641,-615,-706,-656,-1836,-1783,-1676,-1548,-29975,-29966,-29995]} 1. e4 e5 2. Nc3 Nf6 3. Bc4 Nc6 4. d3 Bc5 5. f4 O-O 6. Nf3 {C28: Vienna Game: 2...Nf6 3 Bc4 Nc6} Ng4 (6... exf4 7. Bxf4 d6 8. Qd2 Be6 9. Bg5 Bxc4 10. dxc4 Bb4 11. Qf4 Bxc3+ 12. bxc3 Qe7 13. Bxf6 Qxf6 14. Qxf6 gxf6 {½-½ (49) Ponomariov,R (2699)-Hou,Y (2666) Biel 2017}) 7. Rf1 exf4 8. Bxf4 {The position is equal.} Ne3 9. Bxe3 $1 Bxe3 10. Qe2 $146 ({Predecessor:} 10. d4 Na5 11. Bd3 Nc6 12. Nd5 Bh6 13. Kf2 d6 {1-0 (51) Khokhlov,I (2345)-Plume,G (2015) ICCF email 2013}) 10... Bh6 11. d4 d6 12. h3 Na5 13. Bd3 c5 14. Qf2 Be6 15. d5 Bd7 16. g4 g6 17. e5 dxe5 (17... c4 $17 18. Be2 b5) 18. Qxc5 $2 (18. g5 $1 $15 Bg7 19. O-O-O) 18... Rc8 $19 19. Qd6 {[#]} ({Reject} 19. Qxa7 f5 $19) 19... Rxc3 $1 {[%mdl 512]} 20. bxc3 {[#]} e4 $1 {[%mdl 512]} 21. Kf2 (21. Bxe4 Re8) 21... exf3 ({Not} 21... exd3 22. cxd3 Bg7 23. Nd4 $19) 22. Kg3 $2 (22. Rae1) 22... f5 23. Rxf3 fxg4 24. Rxf8+ Bxf8 25. Qf4 Bc8 {And now ...Bd6 would win.} 26. Kg2 Qxd5+ 27. Be4 Qd6 28. Qg5 gxh3+ 29. Kh1 {[#]} Bf5 $1 30. Bf3 (30. Bxf5 Qd5+) 30... Qe5 {Strongly threatening ...Bd6.} 31. Rd1 Nc6 32. Bd5+ Kg7 {Threatens to win with ...Be4+.} 33. Bf3 Bd6 {[%csl Gd6][%cal Re5h2]} 34. Qd2 Be4 35. Ra1 {Accuracy: White = 40%, Black = 77%.} 0-1

[Event "Moscow Open RSSU Cup 2020"]
[Site "Moscow"]
[Date "2020.01.28"]
[Round "4.10"]
[White "Shuvalova, Polina"]
[Black "Sindarov, Javokhir"]
[Result "1-0"]
[WhiteElo "2445"]
[BlackElo "2537"]
[Annotator "TA"]
[PlyCount "95"]
[EventDate "2020.01.25"]
[EventType "swiss"]
[EventCountry "RUS"]
[SourceTitle "playchess.com"]
[Source "ChessBase"]
[SourceQuality "1"]

{[%evp 15,95,17,27,20,33,31,38,35,49,14,71,75,73,72,108,108,139,138,171,170,169,175,231,172,204,204,232,229,214,187,185,190,180,190,205,194,227,220,210,211,300,291,299,272,318,320,345,344,354,350,447,433,458,448,455,387,482,495,536,454,659,672,595,579,29990,1098,29983,29984,29984,29985,29994,29981,29981,29982,29982,29983,29981,12842,12842,12843,29987,12837]} 1. e4 e5 2. Nf3 Nc6 3. Bb5 f5 4. Nc3 fxe4 5. Nxe4 Nf6 6. Nxf6+ Qxf6 7. Qe2 Be7 8. Bxc6 bxc6 9. d4 {C63: Ruy Lopez: Schliemann/Jaenisch Defence} (9. Qxe5 d6 10. Qxf6 Bxf6 11. d4 O-O 12. Be3 Bg4 13. O-O-O Be7 14. Rd3 Bxf3 15. gxf3 Rxf3 16. Rc3 c5 17. dxc5 dxc5 {1-0 (29) Saric,I (2695)-Nihal,S (2576) St Petersburg 2018}) 9... Qg6 10. O-O d6 11. Qc4 {White is slightly better.} d5 12. Qc3 Bh3 {[#]} (12... exd4 $11 {keeps the balance.} 13. Nxd4 O-O) 13. Nh4 $146 {[%cal Rh4g6][%mdl 512]} ({Predecessor:} 13. Ne1 Bf5 14. dxe5 c5 15. Nd3 Qc6 16. Be3 c4 {1-0 (40) Filipenko,A (2362)-Zharkov,A (2284) Gornozavodsk 2009}) 13... Qe6 (13... Bxh4 14. Qxh3) 14. Qg3 $36 {[%mdl 2048] Keeping Black busy.} Bg4 15. h3 {aiming for Re1.} Bh5 16. Bg5 {Black must now prevent Bxe7.} O-O 17. Bxe7 ({Resist} 17. dxe5 $6 Bc5 $16) 17... Qxe7 18. dxe5 Rab8 (18... Be2 {was worth a try.}) 19. b3 Qc5 20. c3 Be2 21. Rfe1 Bd3 22. Qe3 (22. Qxd3 Qxf2+ 23. Kh1 Qxh4 $16) 22... Qxe3 23. Rxe3 Be4 24. f3 Bc2 {[#]} 25. Rc1 $1 Bxb3 26. axb3 {And now e6 would win.} g5 27. c4 d4 (27... gxh4 $142 28. cxd5 cxd5 29. Rxc7 Rf7) 28. Re4 $18 gxh4 29. Rxd4 Rxb3 {[%mdl 4096] Endgame KRR-KRR} 30. Ra1 ({Much less strong is} 30. Rxh4 $6 a5 $18) 30... Ra8 {If Black can now play ...a5 this consolidates a bit.} 31. Ra5 ({Not} 31. Rxh4 a5 $16) 31... Rb1+ 32. Kh2 c5 33. Rg4+ Kf7 34. Rxh4 Kg6 35. Re4 Rd1 36. Rxc5 a5 37. e6 Rdd8 (37... a4 $142 38. e7 Re8 39. Rxc7 Rb1) 38. Rxc7 a4 39. Rf7 {White threatens Rg4+ and mate.} h5 {and the idea ...Re8 leaves Black hopeful.} 40. f4 (40. Ref4 $142 Rg8 41. R4f6+ Kg5 42. f4+ Kh4 {[#]} 43. Rf8 $1 {[%mdl 512]} Rxg2+ 44. Kxg2 Ra7 45. R6f7) 40... a3 41. f5+ Kh6 42. e7 Re8 43. h4 {[%cal Re4e6]} Ra6 44. Rf8 Raa8 45. Re6+ Kh7 46. Rxe8 (46. Rff6 $142 Kg7 47. Rh6 Kf7 48. Rh7+ Kg8 49. Reh6 Ra7 50. Rh8+ Kf7 51. R6h7+ Kf6 52. Rxe8) 46... Rxe8 47. f6 {f7 would kill now.} a2 48. Ra6 {Accuracy: White = 78%, Black = 21%.} (48. f7 $142 Rxe7 49. Rxe7 Kg7 50. Ra7 a1=R 51. Rxa1 Kxf7 52. Re1 Kf6 53. c5) 1-0

[Event "Moscow Open RSSU Cup 2020"]
[Site "Moscow"]
[Date "2020.01.28"]
[Round "4.11"]
[White "Airapetian, Gor"]
[Black "Iljiushenok, Ilia"]
[Result "1-0"]
[WhiteElo "2444"]
[BlackElo "2519"]
[Annotator "TA"]
[PlyCount "61"]
[EventDate "2020.01.25"]
[EventType "swiss"]
[EventCountry "RUS"]
[SourceTitle "playchess.com"]
[Source "ChessBase"]
[SourceQuality "1"]

{[%evp 13,61,27,45,44,33,22,28,22,22,27,32,18,47,32,29,35,31,-8,28,19,5,24,87,84,75,59,56,0,214,177,235,241,278,282,267,261,617,418,1219,1236,1386,1367,992,943,1983,1854,1385,974,6161,2027]} 1. d4 Nf6 2. c4 g6 3. Nc3 Bg7 4. e4 d6 5. Nf3 O-O 6. h3 e5 7. d5 Nh5 8. g3 {E90: King's Indian: Classical: Early deviations and 6 h3} Na6 9. a3 (9. Nh2 Nc5 10. Be3 a5 11. Be2 Nf6 12. Bf3 Ne8 13. g4 f5 14. gxf5 gxf5 15. exf5 Bxf5 16. Bxc5 dxc5 {½-½ (79) Postny,E (2623)-Guseinov,G (2664) chess.com INT 2019}) 9... f5 10. exf5 {White has an edge.} gxf5 11. Nh4 Nf4 12. Qc2 c6 13. gxf4 $146 {[#] Strongly threatening Ng2.} ({Predecessor:} 13. Nf3 Ng6 14. Bg5 Qe8 15. O-O-O cxd5 16. Rxd5 {½-½ (55) Zakaryan,D (2338)-Obgolts,E (2371) Khanty-Mansiysk 2019}) 13... Qxh4 14. fxe5 dxe5 15. b4 cxd5 16. Nxd5 Be6 $1 17. Rg1 Bxd5 (17... Kh8 $1 $11 {keeps the balance.}) 18. cxd5 $16 {aiming for d6.} Rac8 19. Qd3 Kh8 {And now ...e4 would win.} 20. Bb2 ({Better is} 20. Bg5 $1 $14 Qh5 21. Rc1) 20... Bf6 $2 (20... Nxb4 $11 {and Black stays safe.} 21. axb4 Qxb4+ 22. Qd2 Qe4+ 23. Kd1 Qf3+ 24. Ke1 Qe4+ 25. Qe3 Qb4+ 26. Qd2 Qe4+ 27. Qe3 Qb4+ 28. Qd2 Qe4+) 21. Qxf5 $18 Bg7 (21... Qf4 {is a better defense.} 22. Bd3 Qxf5 23. Bxf5 Rcd8) 22. Rg4 ({But not} 22. Bxe5 $6 Rxf5 23. Bxg7+ {[#]} Kg8 $1 {[%mdl 512]}) 22... Qe7 23. Qe4 Qf7 24. f4 {Bd3 is the strong threat.} Rce8 $2 (24... Qf5 25. Bg2 Qxe4+ 26. Bxe4 Rxf4) 25. O-O-O Bf6 (25... Qf5 $142 26. Qxf5 Rxf5) 26. fxe5 {White is clearly winning.} Qc7+ 27. Kb1 Rxe5 28. Bxe5 Bxe5 29. Rc1 Qe7 30. Re1 {Threatens to win with Bd3.} Re8 31. Bb5 {Accuracy: White = 65%, Black = 38%.} (31. Bd3 $142 Qf7 32. Rg5) 1-0

[Event "Moscow Open RSSU Cup 2020"]
[Site "Moscow"]
[Date "2020.01.28"]
[Round "4.12"]
[White "Afanasiev, Nikita"]
[Black "Barseghyan, Armen Ar."]
[Result "1-0"]
[WhiteElo "2516"]
[BlackElo "2408"]
[Annotator "TA"]
[PlyCount "25"]
[EventDate "2020.01.25"]
[EventType "swiss"]
[EventCountry "RUS"]
[SourceTitle "playchess.com"]
[Source "ChessBase"]
[SourceQuality "1"]

{[%evp 10,87,52,38,39,51,48,47,39,41,31,17,39,30,29,39,35,0,-18,-8,1,0,4,0,3,0,19,-36,-33,-33,-29,-53,-34,-60,-18,-60,-61,-60,-60,-53,-54,-98,-52,-54,-54,-54,-48,-50,0,0,7,0,0,0,166,160,310,315,558,556,689,685,808,782,776,783,895,883,981,1076,1641,1619,1697,1644,1516,1511,1366,1172,2118,2024]} 1. d4 f5 2. Bg5 h6 3. Bh4 g5 4. e3 Nf6 5. Bg3 d6 6. Nc3 Bg7 {A80: Dutch Defence: Unusual White second moves.} 7. h4 g4 8. Bc4 Nh5 {White is slightly better.} 9. Bh2 c6 10. Nge2 Nd7 {[#]} 11. Qd2 $146 ({Predecessor:} 11. a4 d5 12. Bb3 e6 13. Qd2 Qxh4 14. O-O-O Qg5 15. Bc7 b6 16. Kb1 Ba6 17. f3 {½-½ (51) Carradori,D (2226)-Pannullo,U (2314) ICCF email 2015}) 11... Ndf6 12. a4 Qa5 13. O-O {Played: Nc3-e4} 1-0

[Event "Moscow Open RSSU Cup 2020"]
[Site "Moscow"]
[Date "2020.01.28"]
[Round "4.13"]
[White "Osmak, Iulija"]
[Black "Schepetkova, Margarita"]
[Result "1-0"]
[WhiteElo "2394"]
[BlackElo "2200"]
[Annotator "TA"]
[PlyCount "189"]
[EventDate "2020.01.25"]
[EventType "swiss"]
[EventCountry "RUS"]

{[%evp 20,188,0,0,0,0,21,17,22,32,25,-50,-51,-13,47,52,64,59,49,51,49,35,38,8,8,12,14,12,12,22,16,-20,-20,-8,45,41,39,39,56,52,52,52,52,55,62,-8,33,0,114,120,113,122,167,174,441,441,432,343,838,837,823,810,752,661,1032,844,1012,981,12368,12720,12183,5718,4129,10287,5922,5153,5081,1236,29953,11452,5513,5513,29944,309,5710,4165,29953,29953,29953,29950,29943,29949,29951,29952,29952,29952,29951,29953,29953,29953,12828,5441,1871,3008,29951,29949,29947,5726,29955,4556,4076,1347,884,513,29962,29963,29967,29967,29966,29964,29963,29963,29968,11869,29972,29973,29973,29974,29972,29972,29972,29971,29972,29976,29975,29977,29975,0,29977,29975,29978,29979,29979,29979,29980,29981,29981,29980,29982,29975,29983,29984,29987,29985,29988,29986,29989,29990,29990,29991,29994,29995,29995,29996,29996,29997,29997,29998,29998,29999,29999]} 1. d4 Nf6 2. c4 e6 3. Nc3 Bb4 4. e3 O-O 5. Bd3 d5 6. Nf3 c5 7. O-O cxd4 8. exd4 dxc4 9. Bxc4 b6 10. Bg5 Bb7 11. Qe2 Bxc3 {E54: Nimzo-Indian: Rubinstein: Main Line: 7...dxc4 8 Bxc4} (11... Nbd7 12. Rac1 h6 13. Bh4 Rc8 14. Bd3 Bxc3 15. bxc3 Qc7 16. Bg3 Qc6 17. Bb5 Qd5 18. c4 Qh5 19. Bd6 Rfe8 20. c5 {0-1 (34) Le,Q (2713)-Caruana,F (2822) Bucharest 2019}) 12. bxc3 Nc6 13. Ne5 Ne7 {The position is equal.} 14. Rfe1 $146 ({Predecessor:} 14. Bxf6 gxf6 15. Ng4 Kg7 16. Qd2 Ng6 17. Rfe1 Rc8 18. Bb3 f5 19. Ne5 {1-0 (34) Nazaretyan,T (2308)-Shirshov,N (1945) St Petersburg 2016}) 14... Ne4 15. Bh4 (15. Qf3 $11 Nxg5 16. Qxb7) 15... Nxc3 $15 16. Qg4 Qe8 {[#]} (16... Qd6 $1 $11) 17. Bxe6 $1 $14 {[%mdl 512]} fxe6 18. Qxe6+ {[%mdl 64] Double Attack} Kh8 {Strongly threatening ...Nf5.} 19. Bxe7 Nd5 $1 {[%cal Rd5e7]} 20. Nd3 Rf7 $1 {[%cal Rf7e7]} 21. Bg5 Qxe6 22. Rxe6 h6 23. Be3 Rc8 24. h4 Kh7 25. a4 Rc3 26. Ne5 $36 {[%mdl 2048] Black is under pressure.} Re7 (26... Rf6 $11 27. Rxf6 gxf6) 27. Rxe7 Nxe7 28. a5 Nf5 29. axb6 axb6 30. Ra7 Be4 31. Ng4 {And now Nf6+ would win.} Kg6 32. Ra6 (32. Bf4 $14) 32... Nxh4 33. Rxb6+ (33. f3 $5 {[%cal Rf3e4]} Kh5 34. fxe4 Kxg4 35. Bf2 $14) 33... Kf5 (33... Kh5 $1 $11 34. f3 Bxf3 35. gxf3 Nxf3+ 36. Kf2 Kxg4) 34. Bd2 $1 $16 {[%cal Rd2c3]} Rc6 35. Ne3+ Kg6 {[#]} 36. Rb4 $1 {aiming for d5.} Kh7 $2 (36... Bxg2 {was necessary.} 37. d5 {[%mdl 64] Discovered Attack} Bxd5) 37. d5 $18 Rg6 {[%cal Rh4g2]} 38. Kh2 ({Less strong is} 38. Rxe4 Nf3+ 39. Kh1 Nxd2 $18) 38... Bxg2 $2 (38... Bxd5 39. Rxh4 (39. Nxd5 Rxg2+ 40. Kh3 Rxf2 $16) 39... Bf7) 39. Rxh4 Bf3 40. Rf4 Be2 41. Bb4 Bb5 42. Bc3 Kg8 43. Rg4 Rxg4 44. Nxg4 Kf7 45. Bb4 h5 46. Ne5+ Kf6 47. Nf3 Ba4 48. Bc3+ Kf5 49. d6 (49. Ne5 $142 Kf6 50. Nd3+ Ke7 51. Nc5 Be8 52. Be5 Kd8 53. d6 g6 54. Bf6+ Kc8 55. Kh3) 49... Ke6 50. Bb4 Kf5 51. Bd2 $2 (51. Nd2 Be8 52. Nc4 Bc6 53. Nb6 Ke6 54. Kh3 g6 55. Kh4 Be8 56. f4) 51... Ke4 $2 (51... Ke6 52. Nh4 Bc2) 52. Kg3 g6 53. Bf4 Be8 54. Ng5+ Kf5 55. Nh3 Bc6 56. Bg5 Ba4 57. Be7 Bb5 58. f4 Ba4 59. Ng5 h4+ 60. Kf3 Bc6+ 61. Ke3 Kg4 {[#]} 62. Nf3 $1 {[%mdl 512]} h3 (62... Bxf3 63. d7) 63. Ne5+ {[%mdl 64] Double Attack} Kg3 {[#]} 64. Nxc6 (64. Bh4+ $142 $1 {[%mdl 512]} Kg2 (64... Kxh4 65. Nxc6) 65. Nxc6 h2 66. d7 h1=Q 67. d8=Q Qh3+ 68. Kd4 Qa3 69. Qg5+ Kh3 70. Ne5 Qa4+ 71. Kc5 Qa3+ 72. Kc6 Qa4+ 73. Kd6 Qa3+ 74. Kd7 Qa4+ 75. Ke7 Qa3+ 76. Kf7 Qb3+ 77. Kf6) 64... h2 65. d7 {White threatens Bh4+! and mate.} h1=Q 66. d8=Q Qc1+ (66... Qxc6 $18 67. Bh4+ Kh3) 67. Qd2 Qxd2+ 68. Kxd2 Kxf4 69. Nd4 Ke4 70. Ne2 g5 71. Ng3+ (71. Bxg5 $142 Kf5 72. Bh6 Ke5 73. Ke3 Kd5 74. Nc3+ Kc6 75. Kd4 Kb7 76. Kc5) 71... Kf3 72. Bd6 g4 73. Kd3 Kf2 74. Ne4+ Kf3 75. Bg3 Kg2 76. Ke3 Kf1 77. Nf2 Kg2 78. Ne4 $2 (78. Be5 {mates} g3 79. Nd3 Kh3 80. Kf3 Kh2 81. Bxg3+ Kh1 82. Nf4 Kg1 83. Bf2+ Kh1 84. Be3) 78... Kh1 $2 {[%mdl 8192]} (78... Kf1 $11 79. Nc3 Kg1) 79. Bf4 {White mates.} g3 80. Nxg3+ Kg2 81. Ke2 Kh3 82. Kf3 Kh2 83. Be3 Kh3 84. Bg1 Kh4 85. Ne4 Kh3 86. Ng5+ Kh4 87. Kf4 Kh5 88. Kf5 Kh6 89. Ne6 Kh7 90. Be3 Kh8 91. Kg6 Kg8 92. Bd2 Kh8 93. Kf7 Kh7 94. Nf8+ Kh8 95. Bc3# {Accuracy: White = 63%, Black = 39%.} 1-0